000 01290nam0a2200301 4500
001 RU\NLR\bibl\167218
005 20260407121652.0
021 _aRU
_b1998-8741
_9413
035 _a(NLR Aleph) 000164032
090 _a943988
_c943988
100 _a20010703d1998 |||y0rusy50 ca
101 0 _arus
102 _aRU
105 _ay z |||||
200 1 _aРоссийская Федерация. Совет Федерации Федерального Собрания. Заседание двадцать девятое
_eБюл. N 1 (139), 18 февр. 1998 г.
210 _aМ.
_cСовет Федерации,
_d1998
215 _a61 с.
_d30
601 0 1 _aРоссийская Федерация
_bФедеральное собрание
_xСовет Федерации
_91538679
_3RU\NLR\auth\66971936
601 0 1 _aРоссийская Федерация
_bСовет Федерации
_92092577
_3RU\NLR\auth\661266443
686 _aХ620.611.32Р
710 0 1 _aРоссийская Федерация
_bСовет Федерации
_bЗаседание
_d29
_f1998, февраль
_3RU\NLR\AUTH\8810070397
_9642468
801 0 _aRU
_bNLR
_c20010703
_gPSBO
801 1 _aRU
_bNLR
_c20010703
852 _aNLR
_j99-8/761
942 _cBOOK
980 _aNB